Do Badan / (Record no. 44862)

MARC details
000 -LEADER
fixed length control field 01089njm a22002537a 4500
005 - DATE AND TIME OF LATEST TRANSACTION
control field 20100909150250.0
007 - PHYSICAL DESCRIPTION FIXED FIELD--GENERAL INFORMATION
fixed length control field sd ammalaaahaa
008 - FIXED-LENGTH DATA ELEMENTS--GENERAL INFORMATION
fixed length control field 100830t xxu||||| |||| 00| 0 eng d
028 ## - PUBLISHER NUMBER
Publisher number N.54940
Source His Master's Voice
035 ## - SYSTEM CONTROL NUMBER
System control number GR-01555
040 ## - CATALOGING SOURCE
Original cataloging agency SED
Transcribing agency SED
100 ## - MAIN ENTRY--PERSONAL NAME
Personal name Bhosle,Asha
9 (RLIN) 18698
245 ## - TITLE STATEMENT
Title Do Badan /
Statement of responsibility, etc by B.R.Productions ; sung by Asha Bhosle; Music dtn by Ravi; Lyric by Shakeel Badayuni
Medium [sound recording]:
246 ## - VARYING FORM OF TITLE
Title proper/short title दो बदन /
260 ## - PUBLICATION, DISTRIBUTION, ETC. (IMPRINT)
Place of publication, distribution, etc Dum Dum, India:
Name of publisher, distributor, etc His Master 's Voice
Date of publication, distribution, etc 1965
300 ## - PHYSICAL DESCRIPTION
Extent 1 sound disc [GramphoneRecording]:
Other physical details analog,33.1/3 rpm
Dimensions 9.5 in.(MP)
Type of unit Gramphones Records
500 ## - GENERAL NOTE
General note Brief Record
505 ## - FORMATTED CONTENTS NOTE
Formatted contents note Side 1 जब चली ठंडी हवा (Jab chali thandi hava) (Asha Bhosle) Side 2 लो आगई उनकी याद (Lo aagi unki yaad) (Lata Mangeshkar).
650 ## - SUBJECT ADDED ENTRY--TOPICAL TERM
General subdivision Experts
Geographic subdivision India
9 (RLIN) 17446
Topical term or geographic name as entry element Motion picture music
700 ## - ADDED ENTRY--PERSONAL NAME
Personal name Ravi
9 (RLIN) 19190
700 ## - ADDED ENTRY--PERSONAL NAME
Personal name Badayuni,Shakeel
9 (RLIN) 19210
942 ## - ADDED ENTRY ELEMENTS (KOHA)
Source of classification or shelving scheme Dewey Decimal Classification
Item type Gramaphone Records
Holdings
Withdrawn status Lost status Source of classification or shelving scheme Damaged status Not for loan Collection code Home library Current library Date acquired Source of acquisition Total Checkouts Barcode Date last seen Copy number Price effective from Koha item type
    Dewey Decimal Classification   Not For Loan Non-fiction Central Library Central Library 09/09/2010 SED/VEN   GR-01555 09/09/2010 1 09/09/2010 Gramaphone Records

© Delhi Public Library
Hit Counter
free hit counter